000
00260nam a2200097Ia 4500
008
220203s9999 xx 000 0 und d
245
0
_a
Rubber Processing
260
_b
Rubber Research Institute of India
_a
Kottayam
_c
2009
650
_a
Crop Processing
942
_c
PN
999
_c
45155
_d
45155